Keď dažde neprestávajú /a iné./

Bibliographic Details
Main Author: Hostiňák, Štefan, 1941- (Author)
Other Authors: Heveši, Marián, 1947- (Translator)
Format: Article
Language:Slovak
Ukrainian
Subjects:

MARC

LEADER 00000nab a2200000 a 4500
001 vtls000285001
003 SK-MaSNL
005 20260304024328.0
008 180130c1987 xo 0 slo
015 |a SNBRB19rr/mm-uuuuu 
035 |a CL0295119 
040 |a SNKBUCL  |b slo  |c SNKBUCL  |e AACR2 
041 1 |a slo  |h ukr 
044 |a xo  |c SK 
080 |a 883(437)-1  |2 1981 
100 1 |a Hostiňák, Štefan,  |d 1941-  |4 aut  |9 192515 
245 1 0 |a Keď dažde neprestávajú /a iné./  |c Stepan Hostyňak ; Stepan Hostynjak, Marián Heveši 
500 |a Názvy ďalších básní: Obava, Neskorá jeseň, Podstata plastelín. 
650 0 7 |a básne reflexívne  |2 snkbucl  |9 898242 
655 7 |a články z novín a časopisov  |2 snkbucl  |9 267496 
655 7 |a články z odboru literárna veda a krásna literatúra  |2 snkbucl  |9 770045 
700 1 |a Heveši, Marián,  |d 1947-  |4 trl  |9 104700 
773 0 |t Hlas ľudu  |g Roč. 33, č. 140 (18. 6. 1987), s. /6./ 
850 |a Slovenská národná knižnica v Martine  |a MTA001 
852 |a SNK  |b KIS3GCP 
958 |a RK 
958 |a LX 
958 |a UK 
992 |a RBX 
999 |c 2621221  |d 2623151